Souřadnice rozvoje managementu
Aké sú hlavné súradnice, či aktuálne impulzy, pre rozvoj strategického riadenia na obdobie rokov 2010-2020. Tri skupiny pravdepodobných súradníc rozvoja a inovácií manažmentu, marketingu a podnikania. Prvý rozvojový impulz - zmeny vyššieho stupňa v súčasnom spoločenskom zriadení. Druhý rozvojový imp...
Gespeichert in:
| 1. Verfasser: | |
|---|---|
| Format: | Buchkapitel |
| Sprache: | Tschechisch |
| Schlagworte: | |
| Tags: |
Keine Tags, Fügen Sie das erste Tag hinzu!
|
MARC
| LEADER | 00000naa$a2200000$$$4500 | ||
|---|---|---|---|
| 001 | 0115553 | ||
| 005 | 20231129101714.5 | ||
| 041 | 0 | |a cze | |
| 044 | |a CZ | ||
| 245 | 1 | 0 | |a Souřadnice rozvoje managementu |c Ľubomír Jemala |
| 520 | |a Aké sú hlavné súradnice, či aktuálne impulzy, pre rozvoj strategického riadenia na obdobie rokov 2010-2020. Tri skupiny pravdepodobných súradníc rozvoja a inovácií manažmentu, marketingu a podnikania. Prvý rozvojový impulz - zmeny vyššieho stupňa v súčasnom spoločenskom zriadení. Druhý rozvojový impulz - turbulentný a chaotický vývoj a požiadavka iného spôsobu monitorovania globálneho priestoru. Tretí rozvojový impulz - stále naliehavejšia potreba kvalitného manažérskeho vzdelania, manažérskych vedomostí a kompetencií. | ||
| 610 | 2 | 0 | |a manažment znalostný |
| 610 | 2 | 0 | |a manažéri |
| 610 | 2 | 0 | |a riadenie strategické |
| 610 | 2 | 0 | |a vedomosti |
| 610 | 2 | 0 | |a kompetencie |
| 610 | 2 | 0 | |a globalizácia |
| 100 | 1 | |a Jemala, Ľubomír | |